| 000 | 00951 a2200265 4500 | ||
|---|---|---|---|
| 005 | 20260102163049.0 | ||
| 008 | 260102b |||||||| |||| 00| 0 eng d | ||
| 020 | _a9781517916923 (pbk) | ||
| 037 | _cTB | ||
| 040 |
_aAL _cAL |
||
| 041 |
_2eng _aeng |
||
| 084 |
_aT4:3(D65,8(B)) R4 _qAL |
||
| 245 | _aDigital futures of graduate study in the humanities | ||
| 260 |
_aLondon, UK: _bUniversity of Minnesota Press, _c2024. |
||
| 300 | _axxxiii, 347p. | ||
| 365 |
_b35.00 _cUSD |
||
| 650 |
_aEducation _9861563 |
||
| 650 |
_aUniversity _9861564 |
||
| 650 |
_aDigital _9861565 |
||
| 700 |
_aHankins, Gabriel _eeditor. _9861566 |
||
| 700 |
_aLang, Anouk _eeditor. _9861567 |
||
| 700 |
_aAppleford, Simon _eeditor. _9861568 |
||
| 942 |
_cTB _2CC _n0 _hT4:3(D65,8(B)) R4 |
||
| 999 |
_c1464839 _d1464839 |
||